000 00322nam a2200121Ia 4500
008 220217s9999||||xx |||||||||||||| ||und||
082 _a00 5.133 VAN
100 _aVandone, Mick
_92013
245 0 _aFlasi in easy steps
260 _aDreamtech press
_bNew Delhi
_c2001
300 _b79
650 _aPROGRAMMING LANGUAGE
999 _c167928
_d167928